000 00663nam a2200277Ia 4500
005 20260324122708.0
008 008 260324s9999 xx 000 0 eng d
020 _a9781315554433
037 _aEBOOK
040 _aCRL
040 _beng
040 _cCRL
041 _2eng
041 _aeng
084 _qCRL
100 _aGeorge Antony Thomas
_91167446
245 4 _aThe Politics and Poetics of Sor Juana Inés de la Cruz
260 _bTaylor and Francis
260 _c2012
365 _a
365 _b240
856 _uhttp://www.taylorfrancis.com/books/9781315554433
942 _cEBOOK
999 _c1760386
_d1760386